000 01392nam a2200349 a 4500
001 000108864
003 CHAP
005 20220329144027.0
008 140317s2013 mx sm |||||||spa d
010 _a105326
011 _a106298
040 _cCHAP
090 _aTesis
100 1 _aGarcía Peña, Oswaldo
_9125922
245 1 0 _aEstrés calórico: efectos en la temperatura del agua y corporal, manifestación de celo y producción de leche en vacas holstein
_h[En línea]
_cpor Oswaldo García Peña y Yesenia López del Valle.
260 _aChapingo, Méx. :
_bEl autor,
_c2013.
500 _aPara ver el contenido del material haga clic en la liga
502 _aTesis (Ing. Agr. Esp. en Zootecnia) -- UACH. Departamento de Enseñanza, Investigación y Servicio en Zootecnia
590 _aBATCH-UPD
_b05
_c20140324
_lUCH01
_h1536
590 _aBATCH-UPD
_b05
_c20141002
_lUCH01
_h0858
590 _aE5765TAJ
_b05
_c20140317
_lUCH01
_h1206
590 _aE5765TAJ
_b05
_c20140317
_lUCH01
_h1207
650 1 4 _aGanado Holstein.
_945133
650 1 4 _aGanado lechero
_xAlimentación.
_945238
650 1 4 _aGanado lechero
_xEfecto del medio ambiente.
_945258
650 1 4 _aGanado lechero
_xProducción.
_945288
700 1 _aLópez Del Valle, Yesenia
_9125923
856 _aFinding aid
_uhttp://10.13.5.2/tesis/sist108864.pdf
_zTeclea aquí
901 _aBK
942 _cTESIS
942 _n0
999 _c105326
_d105326